2024-2025 12 Team College Football Playoff - Statistics

General Stats
  • This quiz has been taken 161 times
  • The average score is 11 of 12
Answer Stats
Answer % Correct
Ohio State
100%
Notre Dame
98%
Texas
98%
Georgia
96%
Penn State
94%
Arizona State
92%
Oregon
92%
Boise State
91%
Tennessee
87%
Clemson
85%
SMU
84%
Indiana
83%
No matching quizzes found
Score Distribution
Percent of People with Each Score
Percentile by Number Answered
Your Score History
You have not taken this quiz